| 000 | 00634nam a2200217Ia 4500 | ||
|---|---|---|---|
| 003 | IN-BaIIA | ||
| 008 | 211028s9999 xx 000 0 eng d | ||
| 020 | _a0-07-062663-4 | ||
| 040 | _cIIA Library | ||
| 080 |
_a621.89 _bTRI |
||
| 245 | 0 |
_aTribology _bfriction, lubrication and wear _cedited by A. Z. Szeri |
|
| 260 |
_aWashington/New york _bMcGraw-Hill _c1980 |
||
| 300 | _axii, 548p. | ||
| 650 |
_aFriction _911817 |
||
| 650 |
_aLubrication _911818 |
||
| 650 | _aNASA thesaurus | ||
| 650 |
_aTribology _911819 |
||
| 650 |
_aWears _911820 |
||
| 700 |
_aSzeri, A. Z., ed. _911821 |
||
| 942 | _cBK | ||
| 999 |
_c6895 _d6895 |
||